1147 1533 1737 1101 1305 1634 1930 1025 1520 1088 1755 1861 1420 1639 1399 1840 1987 1327 1250 1840 1691 1228 1200 1384 1431 1302 1715 1272 1350 1104 1830 1295 1317 1540 1050 1123 1854 1363 1606 1775 1221 1222 1241 1069 1405 1341 1118 1051 1258 1003 1972 1050 1478 1880 1161 1119 1732 1318 1837 1565 1562 1477 1541 1116 1119 1107 1245 1916 1572 1806 1450 1115 1268 1155 1822 1346 1625 1063 1351 1966 1299 1561 1231 1267 1273 1536 2000 1906 1086 1371 1781 1291 1540 1573 1535 1361 1611 1378 1400 BCNSPRNW ULIB Ver.6.0+V

เปลี่ยนเป็นภาษาไทย

Change to English
 แสดงรายละเอียดบรรณานุกรม
  กลับหน้าหลัก

Brief Record : Get Marc (ISO 2709) : E-mail record : QR code < ปิดหน้าต่าง
LEADER : 00000nam 2200000uu 4500
001    13399127007
003     ULIB
008    190928s2562||||th 000 0 tha d
020 ^- ^a9786168221112
060  0 ^aWS350.5^bก55จ
100 1^ aกอสวามี, อูชา ซี.
245 10 ^aจิตวิทยาเด็ก :ความรู้ฉบับพกพา /^cUsha Goswami ; สุภลัคน์ ลวดลาย, วรัญญู กองชัยมงคล แปล.
250 ^- ^aพิมพ์ครั้งแรก.
260 ^- ^aกรุงเทพฯ :^bบุ๊คสเคป,^c2562
300 ^- ^a230 หน้า.
500 ^- ^aแปลจาก: Child psychology : a very short introduction. 2014.
650 ^4 ^aจิตวิทยาเด็ก.
700 0^ aสุภลัคน์ ลวดลาย,วรัญญู กองชัยมงคล.
740 0^ aChild psychology : a very short introductio
945    ^p285^l0^i27822
945    ^p285^l0^i27821
945    ^p285^l0^i27823
945    ^p285^l0^i27824
945    ^p285^l0^i27825
999    ^aกัณชพร จุลอักษร
รายการนี้ยังไม่มีแท็ก
คุณยังไม่ได้ล็อกอิน คุณสามารถมีกิจกรรมร่วมกับเว็บไซต์ได้ แต่ต้องล็อกอินก่อน ::
  ล็อกอิน

รายการสื่อสารสนเทศ

ลำดับที่ ประเภท เลขเรียก/บาร์โค้ด สถานที่ สถานะ
1. หนังสือสำรอง
หนังสือสำรอง
WS350.5 ก55จ ฉ.1 
  Barcode: 27821
ห้องสมุดวิทยาเขตนครสวรรค์
►หนังสือทั่วไป:l:General Books
บนชั้น
2. วิทยาศาสตร์การแพทย์ และสุขภาพ
วิทยาศาสตร์การแพทย์ และสุขภาพ
WS350.5 ก55จ ฉ.2 
  Barcode: 27822
ห้องสมุดวิทยาเขตนครสวรรค์
►หนังสือทั่วไป:l:General Books
บนชั้น
3. วิทยาศาสตร์การแพทย์ และสุขภาพ
วิทยาศาสตร์การแพทย์ และสุขภาพ
WS350.5 ก55จ ฉ.3 
  Barcode: 27823
ห้องสมุดวิทยาเขตนครสวรรค์
►หนังสือทั่วไป:l:General Books
บนชั้น
4. วิทยาศาสตร์การแพทย์ และสุขภาพ
วิทยาศาสตร์การแพทย์ และสุขภาพ
WS350.5 ก55จ ฉ.4 
  Barcode: 27824
ห้องสมุดวิทยาเขตนครสวรรค์
►หนังสือทั่วไป:l:General Books
บนชั้น
5. วิทยาศาสตร์การแพทย์ และสุขภาพ
วิทยาศาสตร์การแพทย์ และสุขภาพ
WS350.5 ก55จ ฉ.5 
  Barcode: 27825
ห้องสมุดวิทยาเขตนครสวรรค์
►หนังสือทั่วไป:l:General Books
บนชั้น

รายการใกล้เคียง
    หัวเรื่อง [จิตวิทยาเด็ก.]

BibComment


ยังไม่เคยถูกคอมเมนท์

คอมเมนท์ทรัพยากรรายการนี้
  คอมเมนท์: จิตวิทยาเด็ก ควา..


 Copyright 2026. Bcnsprnw @Library